| 000 | 00534nam a2200157 a 4500 | ||
|---|---|---|---|
| 001 | 000046062 | ||
| 005 | 20201002052619.0 | ||
| 008 | 150616s1991 dr 000 0 spa d | ||
| 040 |
_aDO-SdBNP _bspa _cBNPHU |
||
| 082 |
_axxxx _bxxxx |
||
| 100 | 1 |
_aNino Féliz, Rafael, _d1954- _924260 |
|
| 245 | 1 | 0 |
_aPoemas humanos : _bselección poética / _cRafael Nino Féliz. |
| 260 |
_aSanto Domingo : _bSusaeta Ediciones Dominicanas, _c1991. |
||
| 300 | _a24 p. | ||
| 500 | _aIncluye datos biográficos de la autora en la solapa de la contracubierta | ||
| 999 |
_c45551 _d45551 |
||